004560000a22001330004500090001700000245010200017041001400119700003300133700003200166100003400198942001300232773006000245999001700305 aAsbSeriadas10aFauna asociada con los nidos de las abejas carpinteras Xylocopa spp. (Hymenoptera: Anthophoridae)0 aEspañol1 aVargas G., Hector A.91001031 aFernández, Fernando914561 aCaicedo R., Guadalupe9100104 cARTICULO1 tRevista Colombiana de Entomologíah2q83-86d1995g21 c15869d15869